Survivor Vanuatu Castaways by Tribe - Statistics

General Stats
  • This quiz has been taken 15 times
  • The average score is 28 of 32
Answer Stats
Hint Answer % Correct
Dolly's Tribe Yasur
93%
Mia's Tribe Yasur
93%
Travis's #2 Tribe Yasur
93%
Lisa's #1 Tribe Yasur
93%
Lisa's #2 Tribe Yasur
93%
Rory's #2 Tribe Yasur
93%
LeAnn's #1 Tribe Yasur
93%
LeAnn's #2 Tribe Yasur
93%
Ami's #1 Tribe Yasur
93%
Ami's #2 Tribe Yasur
93%
Julie's #1 Tribe Yasur
93%
Brook's Tribe Lopevi
86%
John P.'s Tribe Lopevi
86%
Brady's Tribe Lopevi
86%
Travis's #1 Tribe Lopevi
86%
John K.'s #1 Tribe Lopevi
86%
John K.'s #2 Tribe Lopevi
86%
Rory's #1 Tribe Lopevi
86%
Lea's #1 Tribe Lopevi
86%
Lea's #2 Tribe Lopevi
86%
Chad's #1 Tribe Lopevi
86%
Chad's #2 Tribe Lopevi
86%
Julie's #2 Tribe Lopevi
86%
Eliza's #1 Tribe Yasur
86%
Eliza's #2 Tribe Yasur
86%
Scout's #1 Tribe Yasur
86%
Scout's #2 Tribe Yasur
86%
Twila's #1 Tribe Yasur
86%
Merge Tribe Alinta
79%
Twila's #2 Tribe Lopevi
79%
Chris's #1 Tribe Lopevi
79%
Chris's #2 Tribe Lopevi
79%
No matching quizzes found
Score Distribution
Percent of People with Each Score
Percentile by Number Answered
Your Score History
You have not taken this quiz